000 00673nam a2200289Ia 4500
005 20260324143908.0
008 008 260324s9999 xx 000 0 eng d
020 _a9781003482314
037 _aEBOOK
040 _aCRL
040 _beng
040 _cCRL
041 _2eng
041 _aeng
084 _qCRL
100 _aMartin Ira Glassner
_91198814
245 0 _aNeptune's Domain
245 2 _bA Political Geography of the Sea
260 _bTaylor and Francis
260 _c1990
365 _a
365 _b150
856 _uhttp://www.taylorfrancis.com/books/9781003482314
942 _cEBOOK
999 _c1823260
_d1823260